Obrero.

সংরক্ষণ করুন:
গ্রন্থ-পঞ্জীর বিবরন
প্রধান লেখক: Maturana Ortiz, Cristian (fotografías)
অন্যান্য লেখক: Estivales Sánchez, Víctor (textos), Arrieta Gutiérrez, Paula (textos), Flores, Mariairis (textos), Hernández, Elvira (textos), Alarcón, Maricruz (traductora), García, Paulina (traductora)
বিন্যাস: গ্রন্থ
প্রকাশিত: Valparaíso, Chile: [s.n]: 2019.
সংস্করন:Primera edición.
বিষয়গুলি:
ট্যাগগুলো: ট্যাগ যুক্ত করুন
কোনো ট্যাগ নেই, প্রথমজন হিসাবে ট্যাগ করুন!

MARC

LEADER 00000nam a22000007a 4500
003 CL-VaPUC
005 20250407202456.0
008 250319t2019 ||||| |||| 00| 0 eng d
999 |c 447498  |d 447496 
020 |a 978-956-401-223-0 
040 |c Pontificia Universidad Católica de Valparaíso 
082 |a 779 MAT 2019 
100 |9 897233  |a Maturana Ortiz, Cristian  |e fotografías 
245 |a Obrero. 
250 |a Primera edición. 
260 |a Valparaíso, Chile:  |b [s.n]:  |c 2019. 
300 |a 115 páginas:  |b fotografías. 
500 |a c.1.Instituto Arcos.08-01-2025. 
583 |c 20250319  |k Gabriela Rodríguez Cuevas 
650 0 |9 268495  |a Fotografía  |x Exposiciones 
650 0 |9 895333  |a Fotógrafos chilenos 
700 |9 897235  |a Estivales Sánchez, Víctor  |e textos 
700 |9 897237  |a Arrieta Gutiérrez, Paula  |e textos 
700 |9 897238  |a Flores, Mariairis  |e textos 
700 |9 888328  |a Hernández, Elvira  |e textos 
700 |9 897240  |a Alarcón, Maricruz  |e traductora 
700 |9 897241  |a García, Paulina  |e traductora 
942 |2 ddc  |c BK  |n 0 
952 |0 0  |1 0  |2 ddc  |4 0  |6 779_000000000000000_MAT_2019  |7 0  |8 A  |9 601603  |a BIBINC  |b BIBINC  |d 2025-03-20  |e Instituto Arcos  |i 5666445  |o 779 MAT 2019  |p 5666445  |r 2025-03-20  |t 1  |w 2025-03-20  |y BK  |k IFP